NCAA Basketball: Top 100 All-Time - Assists - Statistics

General Stats
  • This quiz has been taken 7 times
  • The average score is 24 of 100
Answer Stats
# Player Assists School(s) % Correct
2 Bobby Hurley 1,076 Duke
100%
1 Braden Smith 1,098 Purdue
100%
59 Brandin Knight 785 Pittsburgh
100%
63 Brevin Knight 780 Stanford
100%
36 Chaz Williams 840 Hofstra / Massachusetts
100%
22 Frank Smith 883 Old Dominion
100%
11 Greg Anthony 950 UNLV
100%
T45 Johnathon Jones 819 Oakland
100%
T72 Kenny Smith 768 North Carolina
100%
29 Speedy Smith 858 Louisiana Tech
100%
20 Cassius Winston 890 Michigan State
50%
3 Chris Corchiani 1,038 NC State
50%
T38 Chris Thomas 833 Notre Dame
50%
T81 Christopher Anderson 757 San Diego
50%
27 Dajuan Harris Jr. 865 Kansas
50%
43 Darius Brown 826 Cal State Northridge / Montana State / Utah State
50%
T53 Drafton Davis 804 Marist
50%
4 Ed Cota 1,030 North Carolina
50%
T48 Elijah Hawkins 815 Howard / Minnesota / Texas Tech
50%
14 Gary Payton 938 Oregon State
50%
30 Grayson Marshall 857 Clemson
50%
67 Grayson Murphy 775 Belmont
50%
69 Greivis Vásquez 772 Maryland
50%
T53 Jacque Vaughn 804 Kansas
50%
T50 Jared Jordan 813 Marist
50%
68 Juan'ya Green 773 Niagara / Hofstra
50%
57 Marc Brown 796 Siena
50%
T92 Marcus Carr 747 Pittsburgh / Minnesota / Texas
50%
76 Markus Carr 767 Cal State Northridge
50%
47 Mateen Cleaves 816 Michigan State
50%
T72 Matthew Dellavedova 768 Saint Mary's
50%
T72 Monté Morris 768 Iowa State
50%
T38 Pooh Richardson 833 UCLA
50%
52 Russell Brown 810 Arizona
50%
T98 Sean Miller 744 Pittsburgh
50%
9 Tony Miller 956 Marquette
50%
25 Yuri Collins 878 Saint Louis
50%
10 Aaron Miles 954 Kansas
0%
40 Ace Baldwin Jr. 831 VCU / Penn State
0%
T81 A.J. Hoggard 757 Michigan State / Vanderbilt
0%
T84 Alex Robinson 756 Texas A&M / TCU
0%
18 Andre LaFleur 894 Northeastern
0%
79 Andre Turner 763 Memphis
0%
31 Anthony Manuel 855 Bradley
0%
13 Billy Allen 940 SMU / Nevada
0%
64 Brandon Granville 779 USC
0%
33 Brett Comer 845 Florida Gulf Coast
0%
77 Bruce Douglas 765 Illinois
0%
42 Butch Moore 828 SMU
0%
T50 Cameron Parker 813 Sacred Heart / Montana / Portland State
0%
100 Carl Golston 742 Wisconsin / Loyola Chicago
0%
19 Chico Fletcher 893 Arkansas State
0%
T45 Chris Duhon 819 Duke
0%
32 Colbey Ross 854 Pepperdine
0%
37 Danny Tarkanian 837 UNLV
0%
88 David Edwards 752 Georgetown / Texas A&M
0%
T72 David Greer 768 Bowling Green
0%
15 D.J. Cooper 934 Ohio
0%
T81 Donovan Dent 757 New Mexico / UCLA
0%
12 Doug Gottlieb 947 Notre Dame / Oklahoma State
0%
T48 Emmett Naar 815 Saint Mary's
0%
T84 Erick Neal 756 UT Arlington
0%
T90 Howard Evans 748 Temple
0%
28 Isaiah Stevens 863 Colorado State
0%
61 Jacob Gilyard 782 Richmond
0%
35 Jalen Pickett 841 Siena / Penn State
0%
5 Jason Brickman 1,009 LIU
0%
97 Javon Levi 746 UTRGV / UT Arlington
0%
65 Jeff Timberlake 778 Boston University
0%
21 Jim Les 884 Cleveland State / Bradley
0%
60 Jon Elmore 783 Marshall
0%
T84 Josh Sharkey 756 Samford
0%
T16 Kameron Langley 902 North Carolina A&T
0%
T90 Kareem Reid 748 Arkansas
0%
58 Kay Felder 788 Oakland
0%
6 Keith Jennings 983 East Tennessee State
0%
71 Leon Wood 769 Arizona / Cal State Fullerton
0%
66 Mark Dickel 776 UNLV
0%
78 Markquis Nowell 764 Little Rock / Kansas State
0%
T98 Mark Woods 744 Wright State
0%
55 Maurice Watson 800 Boston University / Creighton
0%
62 Muggsy Bogues 781 Wake Forest
0%
T16 Orlando Smart 902 San Francisco
0%
87 Phil Ford 753 North Carolina
0%
44 Ronald Moore 823 Siena
0%
23 Ryan Nembhard 882 Creighton / Gonzaga
0%
34 Sahvir Wheeler 843 Georgia / Kentucky / Washington
0%
24 Scott Machado 880 Iona
0%
41 Sean Tuohy 830 Ole Miss
0%
8 Sherman Douglas 960 Syracuse
0%
80 Sidney Lowe 762 NC State
0%
T92 Stephan Swenson 747 Stetson / UC Santa Barbara
0%
7 Steve Blake 972 Maryland
0%
T92 Ta'Lon Cooper 747 Morehead State / Minnesota / South Carolina
0%
26 Taurence Chisholm 877 Delaware
0%
56 Themus Fulks 797 South Carolina State / Louisiana / Milwaukee / UCF
0%
89 T.J. McConnell 751 Duquesne / Arizona
0%
70 Tristen Newton 770 East Carolina / Connecticut
0%
T92 Tyler Kolek 747 George Mason / Marquette
0%
T92 Zakai Zeigler 747 Tennessee
0%
No matching quizzes found
Score Distribution
Percent of People with Each Score
Percentile by Number Answered
Your Score History
You have not taken this quiz